000 00236 a2200109 4500
022 _a0027-9358
028 _aNational Geographic Society
082 _a070
090 _c1481
_d1481
245 _aNational Geographic
942 _aSNS
_cPER
_k070
999 _c30092
_d30092